Literalia 1 : lengua castellana y literatura
Saved in:
| Other Authors: | |
|---|---|
| Format: | Book |
| Language: | Spanish |
| Published: |
Madrid :
McGraw-Hill Interamericana de España,
D.L. 2000
|
| Textbook Catalogue: | MANES: Library Catalog Search Result |
| Textbook Classification: |
|
| Subjects: | |
| Tags: |
Add Tag
No Tags, Be the first to tag this record!
|
| Added to: | 2010-12-13 |
| Changed in: | 2025-05-07 |
MARC
| LEADER | 00000cam a2200000 i 4500 | ||
|---|---|---|---|
| 005 | 20250507134515.0 | ||
| 008 | 101214s2000 espa fp 000 0 spa d | ||
| 020 | |a 8448126513 | ||
| 040 | |a uned |b spa |c entro-manes | ||
| 245 | 1 | 0 | |a Literalia 1 : |b lengua castellana y literatura / |c Rafael Sánchez López ... [et al.] ; revisión técnica, Ángel Sáez Gil |
| 260 | |a Madrid : |b McGraw-Hill Interamericana de España, |c D.L. 2000 | ||
| 300 | |a 232 p. : |b il | ||
| 546 | |a España | ||
| 561 | |5 es-BUNED |3 L.T.M. 1725 |a España. Fondo Manes UNED |k MANES | ||
| 690 | 0 | |a LEN | |
| 655 | 7 | |a Libros de texto |2 UNEDSUB | |
| 700 | 1 | |a Sánchez, R. |q (Rafael) |9 39598 | |
| 942 | |2 ddc |c BK | ||
| 999 | |c 96034 |d 96034 | ||
| 999 | |c manes:96034 |d 96034 | ||